[Event "CZE-chTJ 0001"]
[Site "Czech Republic"]
[Date "2000.??.??"]
[Round "3"]
[White "Prochazka, Milan"]
[Black "Spesny, Jan"]
[Result "1/2-1/2"]
[WhiteElo "2150"]
[BlackElo "2225"]
[PlyCount "82"]
[EventDate "2000.??.??"]
[EventType "team"]
[EventRounds "11"]
[EventCountry "CZE"]
[SourceTitle "EXT 2002"]
[Source "ChessBase"]
[SourceDate "2001.11.25"]
[SourceVersion "1"]
[SourceVersionDate "2001.11.25"]
[SourceQuality "1"]

1. d4 Nf6 2. c4 g6 3. Nc3 d5 4. Bg5 Ne4 5. Nxe4 dxe4 6. f3 Bg7 7. e3 c5 8. fxe4 cxd4 9. exd4 Qxd4 10. Qxd4 Bxd4 11. 0-0-0 Bg7 12. Nf3 Nc6 13. Be3 0-0 14. Be2 h6 15. Nd4 Nxd4 16. Bxd4 Be6 17. b3 Rfc8 18. Kb2 Rd8 19. Bxg7 Kxg7 20. e5 Rac8 21. Bf3 Rxd1 22. Rxd1 Rc7 23. Rd8 f6 24. exf6+ Kxf6 25. Kc3 Ke5 26. Kd3 Bf5+ 27. Ke3 h5 28. Rd5+ Kf6 29. Kd4 Be6 30. Rd8 b6 31. Bd5 Bxd5 32. Rxd5 e6 33. Rd8 Ke7 34. Rh8 Kf6 35. Ke4 Rd7 36. Rf8+ Ke7 37. Rf2 Rd1 38. Kf3 Rc1 39. Ke3 Rg1 40. Kd3 Rh1 41. h3 Rc1 1/2-1/2

[Event "CZE-chTJ 9900"]
[Site "Czech Republic"]
[Date "2000.??.??"]
[Round "?"]
[White "Spesny, Jan"]
[Black "Pinc, Miroslav"]
[Result "1/2-1/2"]
[WhiteElo "2282"]
[BlackElo "2140"]
[PlyCount "85"]
[EventDate "1999.??.??"]
[EventType "team"]
[EventRounds "11"]
[EventCountry "CZE"]
[SourceTitle "EXT 2002"]
[Source "ChessBase"]
[SourceDate "2001.11.25"]
[SourceVersion "1"]
[SourceVersionDate "2001.11.25"]
[SourceQuality "1"]

1. d4 Nf6 2. c4 g6 3. Nc3 Bg7 4. e4 d6 5. f3 0-0 6. Be3 e5 7. d5 Ne8 8. Qd2 f5 9. 0-0-0 Nd7 10. Bd3 f4 11. Bf2 c5 12. Nge2 Ndf6 13. Kc2 Bd7 14. a3 Nc7 15. b4 b6 16. Rb1 Na6 17. Rb2 g5 18. h3 Qe7 19. Rhb1 Rfc8 20. Kd1 h5 21. Nc1 Qe8 22. Bf1 g4 23. Ke1 Nh7 24. Qd1 gxh3 25. gxh3 Ng5 26. h4 Nf7 27. b5 Nc7 28. Ke2 Bf6 29. Bg2 Qe7 30. Qh1 Ne8 31. Nd3 Ng7 32. Bh3 Nh8 33. Rg1 Kf7 34. Bxd7 Qxd7 35. Rbb1 Rg8 36. Rg2 Raf8 37. Rbg1 Ne8 38. Rxg8 Rxg8 39. Rxg8 Kxg8 40. Ne1 Kf7 41. Ng2 Ng6 42. a4 Bd8 43. Kd3 1/2-1/2

[Event "CZE-chT2 9899"]
[Site "Czech Republic"]
[Date "1999.??.??"]
[Round "?"]
[White "Kozak, Milos"]
[Black "Spesny, Jan"]
[Result "1/2-1/2"]
[WhiteElo "2290"]
[BlackElo "2250"]
[PlyCount "29"]
[EventDate "1998.??.??"]
[EventType "team"]
[EventRounds "11"]
[EventCountry "CZE"]
[SourceTitle "EXT 2000"]
[Source "ChessBase"]
[SourceDate "1999.11.16"]
[SourceVersion "1"]
[SourceVersionDate "1999.11.16"]
[SourceQuality "1"]

1. d4 d5 2. c4 c6 3. Nf3 Nf6 4. cxd5 cxd5 5. Nc3 Nc6 6. Bf4 Bf5 7. e3 e6 8. Ne5 Nd7 9. Nxc6 bxc6 10. Be2 Be7 11. 0-0 0-0 12. Rc1 c5 13. Nb5 a6 14. Bc7 Qc8 15. Bd6 1/2-1/2

[Event "CZE-chT2 9899"]
[Site "Czech Republic"]
[Date "1999.??.??"]
[Round "?"]
[White "Kucera, Petr"]
[Black "Spesny, Jan"]
[Result "1-0"]
[WhiteElo "2365"]
[BlackElo "2250"]
[PlyCount "67"]
[EventDate "1998.??.??"]
[EventType "team"]
[EventRounds "11"]
[EventCountry "CZE"]
[SourceTitle "EXT 2000"]
[Source "ChessBase"]
[SourceDate "1999.11.16"]
[SourceVersion "1"]
[SourceVersionDate "1999.11.16"]
[SourceQuality "1"]

1. e4 e5 2. Nf3 Nc6 3. d4 exd4 4. Nxd4 Nf6 5. Nxc6 bxc6 6. e5 Qe7 7. Qe2 Nd5 8. c4 Ba6 9. b3 g6 10. Bb2 Nf4 11. Qe4 Ne6 12. g3 Bg7 13. Bg2 f6 14. 0-0 fxe5 15. Ba3 Qf6 16. Nd2 0-0-0 17. Qe3 Nd4 18. Ne4 Qf5 19. Nc5 Bb7 20. Bb2 d6 21. Be4 Qh5 22. Nxb7 Kxb7 23. b4 d5 24. cxd5 cxd5 25. Bg2 Rhf8 26. Bxd4 exd4 27. Qd3 c6 28. b5 c5 29. Rac1 Rc8 30. Rfe1 Rc7 31. Qa3 Rfc8 32. Qa6+ Kb8 33. b6 Rc6 34. Qxa7# 1-0

[Event "CZE-chTJ 9900"]
[Site "Czech Republic"]
[Date "1999.??.??"]
[Round "?"]
[White "Spesny, Jan"]
[Black "Civin, Tomas"]
[Result "1-0"]
[WhiteElo "2282"]
[BlackElo "2250"]
[PlyCount "161"]
[EventDate "1999.??.??"]
[EventType "team"]
[EventRounds "11"]
[EventCountry "CZE"]
[SourceTitle "EXT 2002"]
[Source "ChessBase"]
[SourceDate "2001.11.25"]
[SourceVersion "1"]
[SourceVersionDate "2001.11.25"]
[SourceQuality "1"]

1. d4 d5 2. Nf3 Nf6 3. c4 dxc4 4. Nc3 a6 5. a4 c5 6. d5 e6 7. e4 exd5 8. e5 d4 9. Bxc4 Be6 10. Bxe6 fxe6 11. exf6 gxf6 12. Ne4 Be7 13. 0-0 Qd5 14. Re1 Nc6 15. Bd2 0-0-0 16. Rc1 a5 17. Qc2 b6 18. Qc4 Qxc4 19. Rxc4 Rd5 20. Nxf6 Bxf6 21. Rxe6 Ne5 22. Nxe5 Bxe5 23. Rxb6 Kd7 24. Rb5 Bd6 25. Rxa5 Re5 26. Kf1 Rhe8 27. Rc1 Re2 28. Rd1 d3 29. b3 Rf8 30. Be1 Rfe8 31. g3 Kc7 32. Ra7+ Kb6 33. Rxh7 c4 34. bxc4 Kc5 35. Rh4 Be5 36. Rg4 Bd4 37. h4 d2 38. Rxd2 Rxe1+ 39. Kg2 Bc3 40. Rd5+ Kb4 41. c5+ Kb3 42. c6 R1e7 43. Rb5+ Ka3 44. Rc4 Be1 45. Rf5 Kb3 46. Rg4 Rc8 47. Rb5+ Ka3 48. Rc4 Re2 49. Rf5 Kb3 50. Rc1 Bc3 51. a5 Rxc6 52. h5 Kb2 53. Rd1 Kc2 54. Rdd5 Bd2 55. Rc5+ Rxc5 56. Rxc5+ Kd1 57. Rf5 Be3 58. Kh3 Bxf2 59. h6 Ke1 60. h7 Bd4 61. Rd5 Bc3 62. Rd8 Ra2 63. h8Q Bxh8 64. Rxh8 Rxa5 65. Rf8 Ke2 66. g4 Ke3 67. Kh4 Ke4 68. g5 Ra1 69. g6 Rh1+ 70. Kg5 Rg1+ 71. Kh6 Rh1+ 72. Kg7 Ke5 73. Kg8 Ke6 74. g7 Ke7 75. Rf2 Rh3 76. Re2+ Kd6 77. Re4 Kd5 78. Re7 Kd6 79. Kf8 Rg3 80. Rf7 Ra3 81. g8Q 1-0

[Event "CZE-chT2 9899"]
[Site "Czech Republic"]
[Date "1999.??.??"]
[Round "?"]
[White "Spesny, Jan"]
[Black "Efler, Lukas"]
[Result "1-0"]
[WhiteElo "2250"]
[BlackElo "2300"]
[PlyCount "99"]
[EventDate "1998.??.??"]
[EventType "team"]
[EventRounds "11"]
[EventCountry "CZE"]
[SourceTitle "EXT 2000"]
[Source "ChessBase"]
[SourceDate "1999.11.16"]
[SourceVersion "1"]
[SourceVersionDate "1999.11.16"]
[SourceQuality "1"]

1. d4 d5 2. Nf3 e6 3. c4 Nf6 4. Nc3 Be7 5. Bg5 a6 6. cxd5 exd5 7. e3 0-0 8. Bd3 Re8 9. Qc2 h6 10. Bxf6 Bxf6 11. 0-0 c6 12. b4 Be7 13. Rab1 Bd6 14. h3 Bc7 15. Rfc1 g5 16. Bf5 Bxf5 17. Qxf5 Re6 18. Na4 Qf6 19. Qxf6 Rxf6 20. Nc5 b5 21. a4 Bd6 22. a5 Ra7 23. Ne1 Bxc5 24. Rxc5 Re7 25. Nd3 Rd6 26. Rbc1 f6 27. R5c2 Kf7 28. g4 Rc7 29. Nc5 Ra7 30. Kg2 Ke7 31. h4 Nd7 32. hxg5 fxg5 33. Nd3 Rc7 34. f4 Re6 35. Ne5 Nxe5 36. dxe5 Kd7 37. Kf3 Rc8 38. Rh2 Rf8 39. f5 Rxe5 40. Rxh6 Rfe8 41. Rc3 Rc8 42. Rg6 Re4 43. Rxg5 Rxb4 44. Rg7+ Kd6 45. g5 Rc4 46. Rxc4 dxc4 47. f6 c3 48. Ke2 Rh8 49. Kd3 Rh3 50. f7 1-0

[Event "Ceske Budejovice op"]
[Site "Ceske Budejovice"]
[Date "1999.??.??"]
[Round "1"]
[White "Spesny, Jan"]
[Black "Kratochvil, Milos"]
[Result "1/2-1/2"]
[WhiteElo "2300"]
[BlackElo "2105"]
[PlyCount "86"]
[EventDate "1999.??.??"]
[EventType "swiss"]
[EventRounds "9"]
[EventCountry "CZE"]
[SourceTitle "EXT 2000"]
[Source "ChessBase"]
[SourceDate "1999.11.16"]
[SourceVersion "1"]
[SourceVersionDate "1999.11.16"]
[SourceQuality "1"]

1. d4 Nf6 2. c4 g6 3. Nc3 Bg7 4. e4 d6 5. f3 0-0 6. Be3 e5 7. d5 c6 8. Bd3 cxd5 9. cxd5 Nbd7 10. Nge2 Ne8 11. 0-0 f5 12. exf5 gxf5 13. Rc1 Kh8 14. Nb5 Ndf6 15. Bb1 Bd7 16. Nbc3 Qe7 17. Qb3 b6 18. a4 Rg8 19. a5 f4 20. Bd2 Bh6 21. Kh1 Nh5 22. Ne4 Nef6 23. Nxf6 Qxf6 24. Qd3 Rg7 25. axb6 axb6 26. Be1 Rag8 27. Rc7 Bf5 28. Qxf5 Qxf5 29. Bxf5 Rxc7 30. Bb4 Rd8 31. Nc3 Bf8 32. Nb5 Rb7 33. Rc1 Ng7 34. Bh3 Ne8 35. Kg1 Kg7 36. Kf2 h6 37. Ke2 Kf6 38. Kd3 Be7 39. Rc6 Bf8 40. g3 fxg3 41. hxg3 h5 42. Be1 Ra8 43. Bc8 Rg7 1/2-1/2

[Event "Ceske Budejovice op"]
[Site "Ceske Budejovice"]
[Date "1999.??.??"]
[Round "9"]
[White "Spesny, Jan"]
[Black "Lacina, Adolf"]
[Result "1-0"]
[WhiteElo "2300"]
[BlackElo "2205"]
[PlyCount "103"]
[EventDate "1999.??.??"]
[EventType "swiss"]
[EventRounds "9"]
[EventCountry "CZE"]
[SourceTitle "EXT 2000"]
[Source "ChessBase"]
[SourceDate "1999.11.16"]
[SourceVersion "1"]
[SourceVersionDate "1999.11.16"]
[SourceQuality "1"]

1. d4 d5 2. Nf3 e6 3. c4 c6 4. cxd5 exd5 5. Qc2 Nf6 6. Nc3 Be7 7. Bg5 Nbd7 8. e3 h6 9. Bh4 b6 10. Bd3 Bb7 11. 0-0 0-0 12. Rad1 Re8 13. Rfe1 Ne4 14. Bxe7 Qxe7 15. Nd2 Ndf6 16. f3 Nxd2 17. Qxd2 c5 18. Bb1 Rad8 19. a3 Qd6 20. Rc1 Re7 21. dxc5 bxc5 22. Na4 Rc7 23. b4 c4 24. Nc3 Bc6 25. Qd4 Rb7 26. Bc2 a5 27. bxa5 Qxa3 28. Ra1 Qb2 29. Ba4 Bxa4 30. Reb1 Qxb1+ 31. Rxb1 Bb3 32. e4 Rbd7 33. e5 Ne8 34. f4 Nc7 35. f5 Ra8 36. Ra1 Ra6 37. Ne4 Rc6 38. Nc5 Nb5 39. Qf2 Ra7 40. e6 d4 41. Nd7 Rd6 42. f6 g5 43. e7 Nc7 44. Qf5 Ne8 45. Nf8 Nxf6 46. Qxf6 Rxf6 47. e8Q Kg7 48. Qe5 d3 49. Rf1 d2 50. Qxf6+ Kxf8 51. Qd8+ Kg7 52. Qxd2 1-0

[Event "Ceske Budejovice op"]
[Site "Ceske Budejovice"]
[Date "1999.??.??"]
[Round "7"]
[White "Spesny, Jan"]
[Black "Rajnys, Vladimir"]
[Result "1-0"]
[WhiteElo "2300"]
[BlackElo "2140"]
[PlyCount "53"]
[EventDate "1999.??.??"]
[EventType "swiss"]
[EventRounds "9"]
[EventCountry "CZE"]
[SourceTitle "EXT 2000"]
[Source "ChessBase"]
[SourceDate "1999.11.16"]
[SourceVersion "1"]
[SourceVersionDate "1999.11.16"]
[SourceQuality "1"]

1. d4 Nf6 2. c4 e6 3. Nf3 d5 4. Nc3 Be7 5. cxd5 exd5 6. Qc2 0-0 7. Bg5 Nbd7 8. e3 c6 9. Bd3 Re8 10. 0-0 Nf8 11. Rab1 Nh5 12. Bxe7 Rxe7 13. b4 a6 14. a4 Re6 15. b5 axb5 16. axb5 Rh6 17. Rfc1 Ng6 18. bxc6 bxc6 19. Ne2 Nh4 20. Ne5 Nxg2 21. Kxg2 Bh3+ 22. Kh1 Qh4 23. Ng3 Bg2+ 24. Kxg2 Nxg3 25. hxg3 Qh2+ 26. Kf1 Rf6 27. Ke1 1-0

[Event "CZE-chT2 9899"]
[Site "Czech Republic"]
[Date "1998.??.??"]
[Round "?"]
[White "Mozny, Milos"]
[Black "Spesny, Jan"]
[Result "1-0"]
[WhiteElo "2385"]
[BlackElo "2250"]
[PlyCount "75"]
[EventDate "1998.??.??"]
[EventType "team"]
[EventRounds "11"]
[EventCountry "CZE"]
[SourceTitle "EXT 2000"]
[Source "ChessBase"]
[SourceDate "1999.11.16"]
[SourceVersion "1"]
[SourceVersionDate "1999.11.16"]
[SourceQuality "1"]

1. d4 d5 2. Nf3 Nf6 3. c4 c6 4. cxd5 cxd5 5. Nc3 Nc6 6. Bf4 Bf5 7. e3 e6 8. Ne5 Nd7 9. Nxc6 bxc6 10. Be2 Be7 11. 0-0 0-0 12. Rc1 c5 13. Nb5 Qb6 14. Bc7 Qc6 15. dxc5 Nxc5 16. b4 a6 17. Nd4 Qxc7 18. Nxf5 exf5 19. bxc5 Rfd8 20. c6 Bf6 21. Qc2 g6 22. Rfd1 Rab8 23. Bf3 Rb2 24. Qa4 Rb5 25. Qxa6 Rdb8 26. Rxd5 R5b6 27. Qa4 Rb4 28. Qd1 Rd8 29. Rd7 Qc8 30. g3 Rb2 31. a4 Kg7 32. Kg2 Rf8 33. Rb1 Rxb1 34. Qxb1 Rd8 35. Qb7 Qxb7 36. cxb7 Rb8 37. a5 Bd8 38. Rxd8 1-0

[Event "CZE-chT2 9798"]
[Site "Czech Republic"]
[Date "1998.??.??"]
[Round "6.1"]
[White "Spesny, Jan"]
[Black "Jirovsky, Petr"]
[Result "0-1"]
[WhiteElo "2250"]
[BlackElo "2365"]
[PlyCount "140"]
[EventDate "1997.??.??"]
[EventType "team"]
[EventRounds "11"]
[EventCountry "CZE"]
[SourceTitle "EXT 1999"]
[Source "ChessBase"]
[SourceDate "1998.11.16"]
[SourceVersion "1"]
[SourceVersionDate "1998.11.16"]
[SourceQuality "1"]

1. d4 Nf6 2. c4 g6 3. Nc3 Bg7 4. e4 d6 5. f3 0-0 6. Be3 e5 7. d5 Nh5 8. Qd2 f5 9. 0-0-0 Nd7 10. Nge2 Ndf6 11. h3 f4 12. Bf2 Bd7 13. Kb1 a6 14. Nc1 Ng3 15. Rg1 Nxf1 16. Rgxf1 b5 17. c5 b4 18. N3e2 a5 19. c6 Bc8 20. Rg1 Nh5 21. Nd3 Ba6 22. Nec1 Qe7 23. Qe1 Bf6 24. Rh1 Kh8 25. Rg1 Bb5 26. Rh1 Bg5 27. Ne2 Ba4 28. Rc1 Nf6 29. h4 Bh6 30. Qd2 Kg7 31. Rce1 Nxe4 32. fxe4 f3 33. Be3 Bxe3 34. Qxe3 fxe2 35. h5 Rf6 36. hxg6 Rxg6 37. Rxe2 Bb5 38. Rd2 Qg5 39. Qh3 Rh6 40. Qxh6+ Qxh6 41. Rxh6 Kxh6 42. Kc2 Rf8 43. a3 bxa3 44. bxa3 Kg5 45. Kc3 Kg4 46. Rb2 Bxd3 47. Kxd3 Kg3 48. Ke3 h5 49. Rb7 Rf7 50. Rb8 Kxg2 51. Rg8+ Kh3 52. Rd8 Kg4 53. Rg8+ Kh4 54. Ra8 Rg7 55. Rxa5 Kg3 56. Ra8 h4 57. Rd8 h3 58. Rd7 Rg8 59. Rxc7 h2 60. Rh7 Kg2 61. Kd3 h1Q 62. Rxh1 Kxh1 63. Kc4 Rb8 64. a4 Kg2 65. a5 Kf3 66. a6 Kxe4 67. a7 Ra8 68. c7 Rh8 69. Kb5 Kxd5 70. Kb6 Ke6 0-1

[Event "CZE-chT2 9899"]
[Site "Czech Republic"]
[Date "1998.??.??"]
[Round "?"]
[White "Spesny, Jan"]
[Black "Krouzel, Jaroslav"]
[Result "1-0"]
[WhiteElo "2250"]
[BlackElo "2325"]
[PlyCount "57"]
[EventDate "1998.??.??"]
[EventType "team"]
[EventRounds "11"]
[EventCountry "CZE"]
[SourceTitle "EXT 2000"]
[Source "ChessBase"]
[SourceDate "1999.11.16"]
[SourceVersion "1"]
[SourceVersionDate "1999.11.16"]
[SourceQuality "1"]

1. d4 f5 2. g3 Nf6 3. Bg2 g6 4. Nf3 Bg7 5. b3 0-0 6. Bb2 d6 7. 0-0 Ne4 8. Nbd2 Nc6 9. c4 e6 10. e3 Nxd2 11. Qxd2 Qe7 12. d5 Bxb2 13. Qxb2 Nd8 14. dxe6 Bxe6 15. Nd4 c6 16. Rad1 Nf7 17. Rfe1 Qf6 18. Rd2 Rad8 19. Nxc6 Qxb2 20. Ne7+ Kg7 21. Rxb2 Rd7 22. Nd5 Rc8 23. Nf4 Kf6 24. Rd2 g5 25. Nxe6 Kxe6 26. e4 g4 27. exf5+ Kxf5 28. h3 h5 29. Rd5+ 1-0

[Event "CZE-chT2 9798"]
[Site "Czech Republic"]
[Date "1998.??.??"]
[Round "11.1"]
[White "Spesny, Jan"]
[Black "Votruba, Pavel"]
[Result "1/2-1/2"]
[WhiteElo "2250"]
[BlackElo "2335"]
[PlyCount "20"]
[EventDate "1997.??.??"]
[EventType "team"]
[EventRounds "11"]
[EventCountry "CZE"]
[SourceTitle "EXT 1999"]
[Source "ChessBase"]
[SourceDate "1998.11.16"]
[SourceVersion "1"]
[SourceVersionDate "1998.11.16"]
[SourceQuality "1"]

1. d4 e6 2. c4 d5 3. Nc3 Be7 4. Nf3 Nf6 5. Bg5 h6 6. Bh4 0-0 7. e3 b6 8. cxd5 Nxd5 9. Bxe7 Qxe7 10. Nxd5 exd5 1/2-1/2

[Event "CZE-chT2 9798"]
[Site "Czech Republic"]
[Date "1997.??.??"]
[Round "3.1"]
[White "Jurek, Josef"]
[Black "Spesny, Jan"]
[Result "1-0"]
[WhiteElo "2395"]
[BlackElo "2250"]
[PlyCount "73"]
[EventDate "1997.??.??"]
[EventType "team"]
[EventRounds "11"]
[EventCountry "CZE"]
[SourceTitle "EXT 1999"]
[Source "ChessBase"]
[SourceDate "1998.11.16"]
[SourceVersion "1"]
[SourceVersionDate "1998.11.16"]
[SourceQuality "1"]

1. d4 Nf6 2. c4 g6 3. Nf3 Bg7 4. g3 0-0 5. Bg2 c6 6. Nc3 d5 7. cxd5 cxd5 8. Ne5 e6 9. Bg5 Qb6 10. Qd2 Nc6 11. Nxc6 Qxc6 12. 0-0 Qb6 13. Rfd1 Bd7 14. Rab1 a5 15. Bf3 Rfc8 16. Qf4 Ne8 17. h4 f6 18. Bh6 Qd6 19. e4 Qxf4 20. Bxf4 dxe4 21. Bxe4 Ra7 22. Be3 b6 23. d5 Rb8 24. dxe6 Bxe6 25. Bd5 Bxd5 26. Rxd5 Rab7 27. Rbd1 f5 28. Nb5 Bf8 29. Kg2 Nf6 30. Rd8 Rxd8 31. Rxd8 Kf7 32. Rc8 Nd7 33. Bd4 Ke6 34. Rc6+ Kd5 35. Rc8 Bc5 36. Bc3 Kc4 37. Nd6+ 1-0

[Event "CZE-chT2 9697"]
[Site "Czech Republic"]
[Date "1997.??.??"]
[Round "?"]
[White "Moravec, Michal"]
[Black "Spesny, Jan"]
[Result "1/2-1/2"]
[WhiteElo "2255"]
[BlackElo "2290"]
[PlyCount "45"]
[EventDate "1996.??.??"]
[EventType "team"]
[EventRounds "11"]
[EventCountry "CZE"]
[SourceTitle "EXT 1998"]
[Source "ChessBase"]
[SourceDate "1997.11.17"]
[SourceVersion "1"]
[SourceVersionDate "1997.11.17"]
[SourceQuality "1"]

1. d4 d5 2. Nf3 c6 3. g3 Nf6 4. Bg2 Bf5 5. 0-0 h6 6. Ne5 e6 7. Nd2 Be7 8. Ndf3 0-0 9. h3 Bh7 10. Kh2 Nbd7 11. Nd3 c5 12. dxc5 Nxc5 13. Be3 Nce4 14. c3 Qa5 15. Qc1 Rac8 16. Nfe5 Qa6 17. h4 Nc5 18. Bh3 Nxd3 19. exd3 Bxd3 20. Nxd3 Qxd3 21. Bxa7 Bc5 22. Bxc5 Rxc5 23. Qd1 1/2-1/2

[Event "CZE-ch op"]
[Site "Nymburk"]
[Date "1997.??.??"]
[Round "?"]
[White "Spesny, Jan"]
[Black "Horak, Michal"]
[Result "0-1"]
[WhiteElo "2290"]
[BlackElo "2325"]
[PlyCount "96"]
[EventDate "1997.??.??"]
[EventType "swiss"]
[EventRounds "9"]
[EventCountry "CZE"]
[SourceTitle "EXT 1999"]
[Source "ChessBase"]
[SourceDate "1998.11.16"]
[SourceVersion "1"]
[SourceVersionDate "1998.11.16"]
[SourceQuality "1"]

1. d4 Nf6 2. c4 c5 3. Nf3 Nc6 4. d5 Na5 5. b3 g6 6. Bb2 Bg7 7. Nbd2 0-0 8. e4 d6 9. Be2 e6 10. 0-0 exd5 11. cxd5 Re8 12. Bb5 Re7 13. Re1 a6 14. Bf1 b5 15. a3 Qe8 16. Bc3 Nb7 17. Qc2 Bg4 18. Qb2 Nh5 19. Bxg7 Nxg7 20. Qc3 Bxf3 21. Qxf3 Nf5 22. Qd3 Nd4 23. Re3 f5 24. Rae1 f4 25. Rh3 Qf7 26. Nf3 Qf6 27. Nxd4 cxd4 28. b4 Rc8 29. Qd2 Rec7 30. Rd3 Nd8 31. g3 fxg3 32. hxg3 Rc3 33. Rd1 Nf7 34. f4 Rc2 35. Qe1 g5 36. Bh3 Qh6 37. Qf1 R8c3 38. Bg2 gxf4 39. Qxf4 Qh5 40. Rf3 Rxf3 41. Qxf3 Qxf3 42. Bxf3 Ne5 43. Bg2 d3 44. Kf1 Ra2 45. Bh3 Kg7 46. Bc8 Rh2 47. Re1 Kf6 48. Bxa6 Rh1+ 0-1

[Event "CZE-ch op"]
[Site "Nymburk"]
[Date "1997.??.??"]
[Round "?"]
[White "Spesny, Jan"]
[Black "Kozak, Milos"]
[Result "1/2-1/2"]
[WhiteElo "2290"]
[BlackElo "2265"]
[PlyCount "38"]
[EventDate "1997.??.??"]
[EventType "swiss"]
[EventRounds "9"]
[EventCountry "CZE"]
[SourceTitle "EXT 1999"]
[Source "ChessBase"]
[SourceDate "1998.11.16"]
[SourceVersion "1"]
[SourceVersionDate "1998.11.16"]
[SourceQuality "1"]

1. d4 Nf6 2. c4 g6 3. Nc3 Bg7 4. e4 d6 5. f3 0-0 6. Be3 Nbd7 7. Qd2 c5 8. d5 Ne5 9. Bg5 a6 10. f4 Ned7 11. Nf3 Qc7 12. Bd3 Re8 13. 0-0 e6 14. Rae1 e5 15. f5 b5 16. fxg6 hxg6 17. b3 bxc4 18. bxc4 Nh7 19. Be3 Ndf8 1/2-1/2

[Event "CZE-chT2 9798"]
[Site "Czech Republic"]
[Date "1997.??.??"]
[Round "4.1"]
[White "Spesny, Jan"]
[Black "Trapl, Jindrich"]
[Result "0-1"]
[WhiteElo "2250"]
[BlackElo "2365"]
[PlyCount "52"]
[EventDate "1997.??.??"]
[EventType "team"]
[EventRounds "11"]
[EventCountry "CZE"]
[SourceTitle "EXT 1999"]
[Source "ChessBase"]
[SourceDate "1998.11.16"]
[SourceVersion "1"]
[SourceVersionDate "1998.11.16"]
[SourceQuality "1"]

1. d4 d6 2. c4 Nd7 3. Nc3 e5 4. Nf3 g6 5. e4 Bg7 6. Be2 Ne7 7. 0-0 0-0 8. Re1 h6 9. Bf1 g5 10. dxe5 Nxe5 11. Nxe5 Bxe5 12. Nd5 Nxd5 13. cxd5 f5 14. Qh5 Qf6 15. h4 f4 16. Rb1 Rf7 17. Bd2 gxh4 18. Bc3 Rg7 19. Bxe5 dxe5 20. Be2 Bd7 21. Kh2 Kh8 22. Rg1 Rag8 23. Rbc1 Rg5 24. Qf3 Rg3 25. Qh5 R8g5 26. Qxh4 Rxg2+ 0-1

[Event "Ceske Budejovice op"]
[Site "Ceske Budejovice"]
[Date "1997.??.??"]
[Round "9"]
[White "Vaculik, Martin"]
[Black "Spesny, Jan"]
[Result "0-1"]
[WhiteElo "2055"]
[BlackElo "2280"]
[PlyCount "72"]
[EventDate "1997.??.??"]
[EventType "swiss"]
[EventRounds "9"]
[EventCountry "CZE"]
[SourceTitle "EXT 1998"]
[Source "ChessBase"]
[SourceDate "1997.11.17"]
[SourceVersion "1"]
[SourceVersionDate "1997.11.17"]
[SourceQuality "1"]

1. e4 e5 2. Nf3 Nc6 3. Bb5 a6 4. Ba4 Nf6 5. 0-0 Be7 6. Re1 b5 7. Bb3 d6 8. c3 0-0 9. h3 Na5 10. Bc2 c5 11. d4 Qc7 12. Nbd2 Bd7 13. Nf1 Rfe8 14. g4 g6 15. Ng3 Kg7 16. Qd2 Ng8 17. d5 Nc4 18. Qe2 Nb6 19. Kh2 a5 20. Rg1 c4 21. Qe3 Kh8 22. Ng5 Rf8 23. Qf3 h6 24. Nxf7+ Kh7 25. g5 Be8 26. gxh6 Bxf7 27. Nf5 Bf6 28. Bg5 Qd8 29. h4 Bxg5 30. Rxg5 Qf6 31. Rag1 Nxh6 32. Qe3 gxf5 33. exf5 Nxd5 34. Qg3 Nf4 35. Rg6 Bxg6 36. fxg6+ Kg7 0-1

[Event "Pardubice KB op"]
[Site "Pardubice"]
[Date "1996.??.??"]
[Round "9"]
[White "Gorbatov, Alexej"]
[Black "Spesny, Jan"]
[Result "1-0"]
[WhiteElo "2415"]
[BlackElo "2330"]
[PlyCount "89"]
[EventDate "1996.07.??"]
[EventType "swiss"]
[EventRounds "9"]
[EventCountry "CZE"]
[SourceTitle "CBM 055 Extra"]
[Source "ChessBase"]
[SourceDate "1997.01.01"]
[SourceVersion "1"]
[SourceVersionDate "1997.01.01"]
[SourceQuality "1"]

1. c4 Nf6 2. Nf3 c6 3. Nc3 d5 4. d4 e6 5. e3 Nbd7 6. a3 Bd6 7. Bd3 0-0 8. Bd2 b6 9. 0-0 Bb7 10. b4 dxc4 11. Bxc4 c5 12. Nb5 Be7 13. bxc5 bxc5 14. Qe1 Bxf3 15. Ba5 Qc8 16. gxf3 a6 17. Nc7 Ra7 18. Nxe6 fxe6 19. Bxe6+ Kh8 20. d5 Qe8 21. f4 Qg6+ 22. Kh1 Bd6 23. f3 Re8 24. Qh4 Nf8 25. f5 Qh5 26. Qxh5 Nxh5 27. Bc3 Nxe6 28. fxe6 Rb7 29. a4 Kg8 30. Rg1 Rb3 31. Rac1 Kf8 32. Rc2 Reb8 33. Rg5 Nf6 34. e4 Be7 35. Be5 Rb1+ 36. Kg2 Rd8 37. Bc7 h6 38. Rf5 Ke8 39. Bxd8 Bxd8 40. d6 Rb6 41. e5 Nd5 42. Rf7 Rb7 43. Rxb7 Ne3+ 44. Kh3 Nxc2 45. Rxg7 1-0